| 000 | 00676nam a2200241Ia 4500 | ||
|---|---|---|---|
| 003 | GCL | ||
| 008 | 140319s9999 xx 000 0 ara d | ||
| 040 |
_aGCL / _cGCL |
||
| 082 | 0 | 4 |
_a616.75 _bى أ |
| 100 | 1 | _aياسين عرابى | |
| 245 | 1 | 0 |
_aالاغراض والتشخيص فى طب الاطفال / _cياسين عرابى |
| 700 | 1 | _aبسام البرشة | |
| 700 | 1 | _aجهاد خطاب | |
| 260 |
_a[S.N] : _bمطبعة زيدان ثابت ، _c1990 |
||
| 300 | _a478 ص | ||
| 490 | _a | ||
| 650 | 0 | 4 | _aالطب |
| 650 | 0 | 4 | _aالاطفال |
| 650 | 0 | 4 | _aالامراض |
| 650 | 0 | 4 | _aطب الاسنان |
| 650 | 0 | 4 | _aالتشخيص |
| 942 |
_2ddc _cBK |
||
| 999 |
_c35929 _d35929 |
||